| 000 | 01171nam0a22002651 4500 | ||
|---|---|---|---|
| 001 | v19\rc\1315491 | ||
| 005 | 20260406163434.0 | ||
| 035 | _a(NLR Aleph) 004471338 | ||
| 090 |
_a4563391 _c4563391 |
||
| 100 | _a20060512f19001917|||y0rusy50 ca | ||
| 101 | 1 |
_arus _cnor |
|
| 102 | _aRU | ||
| 105 | _ay z |||a| | ||
| 200 | 1 |
_aКогда мы, мертвые, проснемся _eДрам. эпилог в 3-х д. _fПер. с норвеж. Ю. Балтрушайтиса и С. Полякова |
|
| 210 |
_aМосква _c"Польза" В. Антик и К⁰ _d[19-?] |
||
| 215 |
_a80 с. _d14 |
||
| 700 | 1 |
_8rus _7ca _aИбсен _bГ. _gГенрик _f1828-1906 _3RU\NLR\AUTH\7729701 _912729 |
|
| 702 | 1 |
_4730 _8rus _7ca _aБалтрушайтис _bЮ. К. _f1873 -1944 _gЮргис Казимирович _3RU\NLR\AUTH\7710138 _9119922 |
|
| 702 | 1 |
_4730 _7ca _8rus _aПоляков _bС. А. _cпромышленник, издатель, переводчик _f1874-1943 _gСергей Александрович _9253971 _3RU\NLR\AUTH\770254027 |
|
| 801 | 0 |
_aRU _bNLR _gpsbo |
|
| 801 | 1 |
_aRU _bProSoft-M _2rusmarc |
|
| 852 |
_aNLR _j128/2845 |
||
| 942 | _cBOOK | ||
| 980 | _aNB | ||